• 首页
  • 本馆介绍
  • 公告通知
  • 最新文献
  • 馆藏检索
  • 电子资源
  • 读者导购
  • 参考咨询
  • 我的图书馆
  • 登录
  • 详细信息显示
  • 放入我的书架
  • 预约/预借图书
  • 作者相关作品
  • 分类相关作品
  • 丛书相关作品
  • 出版社相关作品

书目信息

  • 表格格式
  • 工作单格式
  • 卡片格式
题名:
现代西方哲学思潮评介
    
 
作者: ;《复旦学报》 编
分册:  
出版信息: 上海   复旦大学出版社  1984
页数: 338页
开本: 21cm
丛书名: 高等院校社会科学学报论丛
单 册:
中图分类: B505
科图分类:
主题词: 哲学--欧洲--现代
电子资源:
ISBN:
000 00805nam2 2200253 45
001 0184010683
005 20050527083428.8
010    @dCNY1.40
091    @a2253.006
100    @a19950403d1984 em y0chiy0121 ea
101 0  @achi
102    @aCN@b310000
105    @ay r 000yy
200 10 @a现代西方哲学思潮评介@Axian dai xi fang zhe xue si chao ping jie@f《复旦学报》(社会科学版)编辑部编@F《Fu Dan Xue Bao》(She Hui Ke Xue Ban)Bian Ji Bu Bian
210    @a上海@c复旦大学出版社@d1984
215    @a338页@d21cm
225 2  @a高等院校社会科学学报论丛
410  0 @120010@a高等院校社会科学学报论丛
606    @a哲学@y欧洲@z现代
690    @aB505@v3
711 02 @a《复旦学报》@b社会科学版编辑部@4编
801  0 @aCN@b上海图书馆@c20050526
801  2 @aCN@bNLC@c20050526
905    @f1@b210528@dB505@e18
    
    现代西方哲学思潮评介/《复旦学报》(社会科学版)编辑部编.-上海:复旦大学出版社,1984
    338页;21cm.-(高等院校社会科学学报论丛)
    
    
    ISBN :CNY1.40
    
●
相关链接 在E读中查询图书 在五车中查询图书 在当当中查询图书 在豆瓣中查询图书


正题名:现代西方哲学思潮评介     索取号:B505/18         预约/预借

序号 登录号 条形码 馆藏地/架位号 状态 备注
1 0210527   000577487   第一借阅区/ [索取号:B505/18] 在馆    
2 0210528   000517747   第一样本阅览室/ [索取号:B505/18] 在馆    
唐山师范学院图书馆 欢迎您!
大连网信软件有限公司© 版权所有